书目信息 |
| 题名: |
系统备份、数据还原、故障急救
|
|
| 作者: | ;远望图书部 编 | |
| 分册: | ||
| 出版信息: | 北京 人民交通出版社 2005 |
|
| 页数: | 278页 | |
| 开本: | 26cm | |
| 丛书名: | ||
| 单 册: | ||
| 中图分类: | TP307 | |
| 科图分类: | ||
| 主题词: | 电子计算机--维护--基本知识 | |
| 电子资源: | ||
| ISBN: | 7-114-05478-5 | |
| 000 | 01351nam0 2200325 450 | |
| 000 | 01314nam0 2200313 450 | |
| 000 | 01312nam0 2200325 450 | |
| 000 | 01258nam0 2200301 450 | |
| 000 | 01287nam0 2200289 450 | |
| 000 | 01250nam0 2200277 45 | |
| 001 | TS2006029788 | |
| 005 | 20061216110657.57 | |
| 010 | @a7-114-05478-5@dCNY23.00 | |
| 100 | @a20060829d2005 em y0chiy0110 ea | |
| 101 | 0 | @achi |
| 102 | @aCN@b110000 | |
| 105 | @ay z 000yy | |
| 200 | 1 | @a系统备份、数据还原、故障急救@AXi Tong Bei Fen、 Shu Ju Huan Yuan、 Gu Zhang Ji Jiu@e50大急救方案助你轻松拯救电脑@E50 Da Ji Jiu Fang An Zhu Ni Qing Song Zheng Jiu Dian Nao@f远望图书部编@FYuan Wang Tu Shu Bu Bian |
| 210 | @a北京@c人民交通出版社@d2005 | |
| 215 | @a278页@d26cm@e光盘1片 | |
| 307 | @a附光盘:ISBN 7-900174-35-4 | |
| 330 | @a本书从操作系统备份、还原开始,分别讲解电脑系统信息的备份与还原、个人数据资料的备份与还原、数据灾难恢复、系统备份还原后的优化与调整等。 | |
| 517 | 1 | @a50大急救方案助你轻松拯救电脑@A50 Da Ji Jiu Fang An Zhu Ni Qing Song Zheng Jiu Dian Nao |
| 606 | 0 | @a电子计算机@x维护@x基本知识 |
| 690 | @aTP307@v4 | |
| 711 | 02 | @a远望图书部@AYuan Wang Tu Shu Bu@4编 |
| 801 | 0 | @aCN@b中图数据@c20061216 |
| 905 | @a10447@dTP307@e432 | |
| 系统备份、数据还原、故障急救:50大急救方案助你轻松拯救电脑/远望图书部编.-北京:人民交通出版社,2005 |
| 278页;26cm+光盘1片 |
| ISBN 7-114-05478-5:CNY23.00 |
| 本书从操作系统备份、还原开始,分别讲解电脑系统信息的备份与还原、个人数据资料的备份与还原、数据灾难恢复、系统备份还原后的优化与调整等。 |
| ● |
| 相关链接 |
|
|
|
|
正题名:系统备份、数据还原、故障急救
索取号:TP307/432
 
预约/预借
| 序号 | 登录号 | 条形码 | 馆藏地/架位号 | 状态 | 备注 |
| 1 | 0618304 | 206183048 | 第二样本阅览室/ [索取号:TP307/432] | 在馆 | |
| 2 | 0618305 | 206183057 | 第三借阅区/ [索取号:TP307/432] | 在馆 | |
| 3 | 0618306 | 206183066 | 第三借阅区/ [索取号:TP307/432] | 在馆 | |
| 4 | 0618307 | 206183075 | 第三借阅区/ [索取号:TP307/432] | 在馆 | |
| 5 | 0618308 | 206183084 | 第三借阅区/ [索取号:TP307/432] | 在馆 | |
| 6 | 0618309 | 206183093 | 第三借阅区/ [索取号:TP307/432] | 在馆 |
本书有关联资源:
1 .光盘 /ISO :系统备份、数据还原、故障急救 /远望图书部
下载